| 000 | 00418nam a2200169 a 4500 | ||
|---|---|---|---|
| 001 | 0000-9246 | ||
| 003 | ELIB.Books | ||
| 008 | 110520 1984 | ||
| 035 | _a(ELIB.Books)0000-9398 | ||
| 082 |
_a327.7 _bBro |
||
| 100 | _aBrown, Dale W. | ||
| 245 | _aWhat about the Russians? | ||
| 260 |
_bElgin: The Brethren Press _c1984 |
||
| 650 | _aSociety | ||
| 942 |
_2ddc _cBK |
||
| 998 |
_cbat _e2011-05-20 |
||
| 999 |
_c9246 _d9246 |
||